KTÓRY KRAJ JEST WIEKSZY - Statystyki

Ogólne statystyki
  • Ten quiz został rozwiązany 156 razy
  • Średni wynik to 11 z 15
Statystyki odpowiedzi
Zagadnienie Odpowiedź % Poprawnych
Azja Arabia saudyjska
100%
Sahara Algieria
90%
Półwysep arabski Arabia saudyjska
90%
Europa Finlandia
90%
Oceania Papua nowa gwinea
90%
Ameryka północna Kanada
80%
Kraje śródziemnomorskie Libia
80%
Bałkańskie Rumunia
80%
Bliski wschód Turcja
80%
Nordyckie Szwecja
70%
Obie ameryki Argentyna
50%
Ameryka środkowa Gwatemala
50%
Ameryka południowa Peru
50%
Afryka Sudan
50%
Europa i Azja Iran
40%
Nie znaleziono quizów pasujących do podanych kryteriów
Rozkład punktacji
Procent ludzi z każdym wynikiem
Percentyl według liczby udzielonych odpowiedzi
Twoja historia wyników
Nie rozwiązałeś tego quizu